| 000 | 00407nam a2200169Ia 4500 | ||
|---|---|---|---|
| 008 | 210210b1962 xxu||||| |||| 00| 0 eng d | ||
| 041 | _aeng | ||
| 082 | _a824/169 | ||
| 100 | _aHUNTER (G K) | ||
| 245 | _aShakespeare: late comedies | ||
| 260 |
_aLondon _bLongmans Green & Co _c1962 |
||
| 650 | _aShakespeare: | ||
| 650 | _alate | ||
| 650 | _acomedies | ||
| 690 | _aEnglish Criticism | ||
| 906 | _a014122 | ||
| 999 |
_c133220 _d133220 |
||